Une lettre suffit pour répondre juste #39 (attention 10 lettres tuent) - Statistiques

Statistiques générales
  • Ce quiz a été pris 53 fois
  • Le résultat moyen est 4 sur 6
Statistiques - réponses
Hint Réponse % Correct
Donne une des 5 lettres qui complète le nom de la Chanson de Carole Fredericks, Jean-Jacques Goldman et Michael Jones en 1992 : Il suffira d'un _ _ _ _ _ SIGNE
100%
Donne une des 4 lettres de la ville du Val-de-Marne (24 488 habitants en 2022) où se trouve la deuxième plate-forme aéroportuaire de France après l'aéroport de Paris - Charles-de-Gaulle ORLY
90%
Donne une des 3 lettres qui désigne couramment un Télécopieur (appareil électronique qui convertit l'image de documents en impulsions électriques pour les transmettre à un destinataire au travers d'une ligne téléphonique) FAX
75%
Donne une des 2 lettres qui complète le nom de l'artiste qui s'est révélé dans cette audition de The Voice : ??14
MB
40%
Donne la lettre aux États-Unis qui équivaut à une note de 10 sur 20 en France selon World Education Services C
35%
Donne la première lettre qui se trouve dans le prénom et nom de cet acteur
P (Pedro Pascal)
21%
Aucun quiz correspondant
Distribution des résultats
% des personnes avec chaque résultat
Percentile par nombre de réponses
Votre historique - résultats
Vous n’avez pas pris ce quiz